000 00602nam a2200229Ia 4500
005 20250326143938.0
008 250326s9999 xx 000 0 und d
020 _a0-262-02553-1
037 _aTextbook
040 _aFMSL
_beng
_cFMSL
041 _aeng
_2eng
084 _aX:89ZB P4
_qFMSL
100 _aBarro R J
_9748784
245 0 _aEconomic growth
_cBarro R J; Sala-i-martin Xavier
250 _a2
260 _aLondon
_bLondon, MIT
_c2004
300 _a654p
365 _b116486.10749999998
650 _aEconomics
942 _cTB
_hX:89ZB P4
999 _c1301724
_d1301724